000
00317nam a2200133Ia 4500
005
20251222153635.0
008
251222s9999||||xx |||||||||||||| ||spa||
082
_a
985.093/P34
100
_a
Pease García, Henry
245
0
_a
Perú 1979 Cronología Política
250
_a
1ra.ed.
264
_b
DESCO
942
_c
LIB
999
_c
32528
_d
32528